“Santa Claus Is Comin’ to Town” Lyrics - Statistics

General Stats
  • This quiz has been taken 233 times
  • The average score is 53 of 93
Answer Stats
Answer % Correct
Santa
99%
Claus
98%
comin’
98%
is
98%
to
98%
town
98%
{town}.
98%
be
97%
a
96%
You
95%
you
95%
better
94%
not
94%
{cry}.
93%
He
93%
{why}:
93%
telling
92%
I’m
91%
knows
91%
or
91%
out
91%
{out},
91%
when
91%
good
90%
{good},
90%
{awake}.
89%
bad
89%
{sleeping}.
89%
so
89%
{So},
89%
watch
89%
for
87%
if
87%
sees
87%
you’re
87%
been
86%
goodness
86%
{sake}!
86%
you’ve
84%
{pout},
81%
and
76%
And
76%
it
72%
He’s
71%
naughty
71%
{nice}.
71%
list
69%
checking
68%
find
68%
making
68%
{twice}.
68%
who’s
67%
{Oh},
64%
Gonna
63%
gonna
63%
The
37%
the
37%
all
28%
toy
27%
Boy
25%
Christmas
25%
Girl
25%
in
25%
have
24%
will
22%
{too}.
21%
{tree}!
20%
With
20%
around
18%
kids
18%
Land
18%
little
18%
{jubilee}.
16%
that
16%
They’re
16%
{coo},
14%
{drums},
14%
tum
14%
rummy
13%
tin
13%
build
12%
horns
12%
dolls
11%
Toyland
11%
{tums},
11%
{cars},
10%
kiddy
10%
curly
9%
haired
9%
rooty-toot-toots
9%
boats
8%
{elephants},
7%
toddle
7%
No matching quizzes found
Score Distribution
Percent of People with Each Score
Percentile by Number Answered
Your Score History
You have not taken this quiz